Obras completas [de Armando Palacio Valdés : novelas, cuentos, escritos varios] /

Armando Palacio Valdés, escritor español nacido en Entralgo, Asturias en 1853 y fallecido en Madrid en 1938, entre cuyas principales obras se cuentan Marta y María (1883), El idilio de un enfermo (1884), José (1885), El cuarto poder (1888), la muy popular La hermana San Sulpicio (1889), La espuma (1...

Celý popis

Uloženo v:
Podrobná bibliografie
Hlavní autor: Palacio Valdés, Armando (autor)
Médium: Kniha
Jazyk:španělština
Vydáno: Madrid, España : Aguilar, 1952, c1952
Vydání:3a edición
Edice:(Obras Eternas)
Témata:
Tagy: Přidat tag
Žádné tagy, Buďte první, kdo vytvoří štítek k tomuto záznamu!

MARC

LEADER 00000nam^a2200000^a^4500
001 000288513
005 20250521000000.0
009 20260526134843.946
037 |a Acervo Xavier Clavigero 
041 |a ESP 
082 |a 868.  |b PAL V. 2 
100 |a Palacio Valdés, Armando  |e (autor) 
240 1 1 |a [Obras completas de Armando Palacio Valdés] 
245 1 0 |a Obras completas [de Armando Palacio Valdés :  |b novelas, cuentos, escritos varios] /  |c A. Palacio Valdés. 
250 |a 3a edición 
264 4 |a Madrid, España :  |b Aguilar,  |c 1952, c1952 
300 |a 1498 p. 
336 |a texto  |b txt  |2 rdacontenido 
337 |a sin mediación  |b n  |2 rdamedio 
338 |a volumen  |b nc  |2 rdasoporte 
440 1 |a (Obras Eternas) 
520 |a Armando Palacio Valdés, escritor español nacido en Entralgo, Asturias en 1853 y fallecido en Madrid en 1938, entre cuyas principales obras se cuentan Marta y María (1883), El idilio de un enfermo (1884), José (1885), El cuarto poder (1888), la muy popular La hermana San Sulpicio (1889), La espuma (1891), la en algún momento prohibida La fe (1892), El maestrante (1893) y El origen del pensamiento (1895), todas ellas precedentes y/o en más de un sentido ajenas a la trayectoria ideológica que condujo a su autor a la adhesión a la dictadura de Primo de Rivera. Riverita (1886), Maximina (1887), Los majos de Cádiz (1896), La alegría del capitán Ribot (1899), La aldea perdida (1903), Santa Rogelia (1926), Sinfonía pastoral (1931) o El gobierno de las mujeres (1931) dan cuenta, por su parte, de esa ulterior etapa de la producción del escritor asturiano. Palacios Valdés colaboró en varias publicaciones y sus artículos fueron reunidos en tres compilaciones: Los oradores en el Ateneo y Los novelistas españoles (ambas de 1878) y Nuevo viaje al Parnaso (1879). 
649 |a XX 
650 |a Escritores Españoles -  |x Memorias 
650 |a Escritores Españoles -  |x Discursos 
650 |a Novela Española 
650 |a Cuentos Españoles 
650 |a Artículos Periodísticos Españoles 
650 |a Ensayos Españoles 
650 |a Memorias Españolas 
650 |a Discursos Españoles (Oratoria) 
650 |a Literatura Autobiográfica -  |z España 
650 |a Literatura Española -  |y Siglo XIX 
650 |a Literatura Española -  |y Siglo XX 
600 |a Palacio Valdés, Armando 
910 |a Fondo General 
920 |a Impresos - Libros 
930 |a Colección General 
940 |a Literatura 
905 |a 101 
901 |a 006908  |b IT1  |c LIT  |u 20250521 
902 |a https://opac.biblio.iteso.mx/vufind/Record/000288513